000 00250nam a22001217a 4500
008 170915b xxu||||| |||| 00| 0 eng d
041 _aeng
080 _a7
100 _a44
101 _aart
245 _aWATER COLORS
_cHOOPS.D.F
942 _2udc
_cBK
999 _c27766
_d27766